Catálogo público

Chocolates Finos San José, S. C. de R. L. / (Record no. 176696)

MARC details
000 -CABECERA
campo de control de longitud fija 02266nam a2200445Ia 4500
001 - NÚMERO DE CONTROL
campo de control dia_5762
003 - IDENTIFICADOR DEL NÚMERO DE CONTROL
campo de control CHAP
005 - FECHA Y HORA DE LA ÚLTIMA TRANSACCIÓN
campo de control 20240322093133.0
007 - CAMPO FIJO DE DESCRIPCIÓN FÍSICA--INFORMACIÓN GENERAL
campo de control de longitud fija ta
008 - DATOS DE LONGITUD FIJA--INFORMACIÓN GENERAL
campo de control de longitud fija 220117s2009 mx bdfof 001 0 spa d
040 ## - FUENTE DE LA CATALOGACIÓN
Centro/agencia transcriptor CHAP
Centro catalogador/agencia de origen mxchpua
090 ## - LOCALMENTE ASIGNADO TIPO-LC NÚMERO DE CLASIFICACIÓN (OCLC); NÚMERO DE CLASIFICACIÓN LOCAL (RLIN)
Número de clasificación (OCLC) (R) ; Numero de clasificación, CALL (RLIN) (NR) T.C.515
Número cutter local (OCLC) ; Número de libro/Signatura topográfica íntegra, CALL (RLIN) M45 EIUPA
Año 2009
245 10 - MENCIÓN DE TÍTULO
Título Chocolates Finos San José, S. C. de R. L. /
Mención de responsabilidad, etc. coordinadores Amilcar Renan Mejenes Quijano y Diana América Reyna Izaguirre ; colaboradores Héctor Bruno Amador...[y otros]
260 ## - PUBLICACIÓN, DISTRIBUCIÓN, ETC.
Lugar de publicación, distribución, etc. México :
Nombre del editor, distribuidor, etc. El autor,
Fecha de publicación, distribución, etc. 2009
300 ## - DESCRIPCIÓN FÍSICA
Extensión vii, 112 hojas :
Otras características físicas ilustraciones, tablas, gráficas, mapas, planos, fotos
336 ## - TIPO DE CONTENIDO
Fuente rdacontent
Término de tipo de contenido txt
Código de tipo de contenido texto
337 ## - TIPO DE MEDIO
Fuente rdamedia
Nombre/término del tipo de medio no mediado
Código del tipo de medio n
338 ## - TIPO DE SOPORTE
Fuente rdacarrier
Nombre/término del tipo de soporte volumen
Código del tipo de soporte nc
500 ## - NOTA GENERAL
Nota general Grado: 7° año Grupo: 01<br/>
502 ## - NOTA DE TESIS
Nota de tesis Viaje de estudios
Tipo de título (EIUPA) --
Nombre de la institución que otorga el título UACh. Departamento de Ingeniería Agroindustrial,
Año de obtención del título 2009
504 ## - NOTA DE BIBLIOGRAFÍA, ETC.
Nota de bibliografía, etc. Bibliografía: hoja 70
505 00 - NOTA DE CONTENIDO CON FORMATO
Nota de contenido con formato Contiene 4 planos : --<br/>1.Plano distribución de áreas (Esc. 1:100) --<br/>2.Plano distribución de equipo (Esc. 1:100) --<br/>3.Plano de distribución hidráulica (Esc. 1:100) --<br/>4.Diagrama de flujo de proceso
650 13 - PUNTO DE ACCESO ADICIONAL DE MATERIA--TÉRMINO DE MATERIA
Término de materia o nombre geográfico como elemento de entrada Chocolate
9 (RLIN) 22816
650 13 - PUNTO DE ACCESO ADICIONAL DE MATERIA--TÉRMINO DE MATERIA
Término de materia o nombre geográfico como elemento de entrada Productos de cacao
9 (RLIN) 159339
650 13 - PUNTO DE ACCESO ADICIONAL DE MATERIA--TÉRMINO DE MATERIA
Término de materia o nombre geográfico como elemento de entrada Cocoa products
9 (RLIN) 150295
700 1# - PUNTO DE ACCESO ADICIONAL--NOMBRE DE PERSONA
Nombre de persona Mejenes Quijano, Amilcar Renán
9 (RLIN) 147387
Término indicativo de función/relación coordinador
700 1# - PUNTO DE ACCESO ADICIONAL--NOMBRE DE PERSONA
Nombre de persona Reyna Izaguirre, Diana América
9 (RLIN) 147338
Término indicativo de función/relación coordinadora
700 1# - PUNTO DE ACCESO ADICIONAL--NOMBRE DE PERSONA
Nombre de persona Bruno Amador, Héctor
9 (RLIN) 126468
Término indicativo de función/relación colaborador
856 42 - LOCALIZACIÓN Y ACCESO ELECTRÓNICOS
Identificador Uniforme del Recurso <a href="http://10.13.5.2/ve/TC515EIUPA/TC515EIUPA2009-PLANO-DIAGRAMADEFLUJO.pdf">http://10.13.5.2/ve/TC515EIUPA/TC515EIUPA2009-PLANO-DIAGRAMADEFLUJO.pdf</a>
Texto de enlace DESCARGAR PLANO DE DIAGRAMA DE FLUJO
856 42 - LOCALIZACIÓN Y ACCESO ELECTRÓNICOS
Identificador Uniforme del Recurso <a href="http://10.13.5.2/ve/TC515EIUPA/TC515EIUPA2009-PLANO-DISTRIBUCIONDEAREAS.pdf">http://10.13.5.2/ve/TC515EIUPA/TC515EIUPA2009-PLANO-DISTRIBUCIONDEAREAS.pdf</a>
Texto de enlace DESCARGAR PLANO DE DISTRIBUCIÓN DE ÁREAS
856 42 - LOCALIZACIÓN Y ACCESO ELECTRÓNICOS
Identificador Uniforme del Recurso <a href="http://10.13.5.2/ve/TC515EIUPA/TC515EIUPA2009-PLANO-DISTRIBUCIONDEEQUIPO.pdf">http://10.13.5.2/ve/TC515EIUPA/TC515EIUPA2009-PLANO-DISTRIBUCIONDEEQUIPO.pdf</a>
Texto de enlace DESCARGAR PLANO DE DISTRIBUCIÓN DE EQUIPO
856 42 - LOCALIZACIÓN Y ACCESO ELECTRÓNICOS
Identificador Uniforme del Recurso <a href="http://10.13.5.2/ve/TC515EIUPA/TC515EIUPA2009-PLANO-DISTRIBUCIONHIDRAULICA.pdf">http://10.13.5.2/ve/TC515EIUPA/TC515EIUPA2009-PLANO-DISTRIBUCIONHIDRAULICA.pdf</a>
Texto de enlace DESCARGAR PLANO DE DISTRIBUCIÓN HIDRAHULICA
856 42 - LOCALIZACIÓN Y ACCESO ELECTRÓNICOS
Identificador Uniforme del Recurso <a href="http://10.13.5.2/ve/TC515EIUPA/TC515EIUPA2009-REPORTE.pdf">http://10.13.5.2/ve/TC515EIUPA/TC515EIUPA2009-REPORTE.pdf</a>
Texto de enlace DESCARGAR REPORTE
942 ## - ELEMENTOS DE PUNTO DE ACCESO ADICIONAL (KOHA)
Fuente del sistema de clasificación o colocación Clasificación Universidad Autónoma de Chapingo
901 ## - ELEMENTOS DE DATOS A LOCAL LDA (RLIN)
a T.C.515 M45 EIUPA 2009
902 ## - ELEMENTOS DE DATOS B LOCAL, LDB (RLIN)
a M
905 ## - ELEMENTOS DE DATOS E LOCAL, LDE (RLIN)
a 5232272009 mx edml8223123322spa16
942 ## - ELEMENTOS DE PUNTO DE ACCESO ADICIONAL (KOHA)
Tipo de ítem Koha Viaje de Estudios
Holdings
Estado de retiro Estado de pérdida Fuente del sistema de clasificación o colocación Estado dañado Restricciones de uso No para préstamo Código de colección Localización permanente Ubicación/localización actual Fecha de adquisición Fuente de adquisición Total de préstamos Signatura topográfica completa Código de barras Fecha visto por última vez Número de copia Precio válido a partir de Tipo de ítem Koha Ubicación en estantería
    Clasificación Universidad Autónoma de Chapingo   Préstamo interno   Viajes de Estudio Ingenieria Agroindustrial Ingenieria Agroindustrial 18/01/2022 El autor   T.C.515 M45 EIUPA 2009 1106008757 18/01/2022 Ej.2 18/01/2022 Viaje de Estudios  
    Clasificación Universidad Autónoma de Chapingo   Préstamo interno   Viajes de Estudio Ingenieria Agroindustrial Ingenieria Agroindustrial 18/01/2022 El autor   T.C.515 M45 EIUPA 2009 1106008756 26/01/2026 Ej.1 18/01/2022 Viaje de Estudios  
    Clasificación Universidad Autónoma de Chapingo       Viajes de estudio - En línea Ingenieria Agroindustrial Ingenieria Agroindustrial 18/01/2022 El autor   T.C.515 M45 EIUPA 2009 1206008756 22/03/2024   22/03/2024 Viajes de Estudio - En línea En línea